000 00665nam a22002177a 4500
003 UA-OsUOA
001 102463
007 ta
008 20130916b un ||||| |||| 00| 0 ukr d
090 _a323+327(477)
_bЕ45
942 _cBK
040 _aUA-OsUOA
_bukr
_cUA-OsUOA
_dUA-OsUOA
245 _aПро внутрішнє і зовнішнє становище України у 2013 році
_bЩорічне Послання Президента України до Верховної Ради
300 _a256 с.
955 _a1
041 _aukr
080 _a323+327(477)
260 _aК.
_c2013
650 7 _a32 Політика
_2UDC
999 _c388690
_d388690